000 00393nam a2200145Ia 4500
008 210210b2004 xxu||||| |||| 00| 0 eng d
020 _a81 314 0397 1
082 _a658.8 ICFF
100 _aICFAI.
245 _aFundamentals of marketing management.
260 _aHyderabad
_bICFAI Center for Management Research
_c2004
300 _a260
690 _aMarketing Management
906 _a061683
999 _c108219
_d108219